Transferencia de calor

সংরক্ষণ করুন:
গ্রন্থ-পঞ্জীর বিবরন
প্রধান লেখক: Ozisik, M. Necati (autor)
বিন্যাস: গ্রন্থ
ভাষা:স্প্যানিশ
প্রকাশিত: Bogotá McGraw-Hill 1979
বিষয়গুলি:
ট্যাগগুলো: ট্যাগ যুক্ত করুন
কোনো ট্যাগ নেই, প্রথমজন হিসাবে ট্যাগ করুন!

MARC

LEADER 00000nam a2200000 a 4500
001 UCW2182
003 CL-VaPUC
008 921110e19790000CK |||||||||||||||||spa|d
082 0 4 |a 536.2  |b OZI  |2 21 
100 |a Ozisik, M. Necati  |e autor  |9 306140 
245 1 0 |a Transferencia de calor 
300 |a 542 p 
942 |c BK 
945 |d 19921110 00:00:00 
260 |a Bogotá  |b McGraw-Hill  |c 1979 
650 7 |a TRANSMISION DEL CALOR  |2 CL-VaPUC  |9 259311 
583 |a last modification  |c 19921110 00:00:00  |k Rodrigo Vera 
999 |c 216790  |d 216788 
952 |0 0  |1 0  |4 0  |6 536_200000000000000_OZI_1979  |7 0  |8 A  |9 203016  |a BIBMEC  |b BIBMEC  |d 2019-11-14  |i 2702770  |o 536.2 OZI 1979  |p 2702770  |r 2024-01-19  |w 2019-11-14  |y BK  |k MEC 
952 |0 0  |1 0  |4 0  |6 536_200000000000000_OZI_1979  |7 0  |8 A  |9 203017  |a BIBING  |b BIBING  |d 2019-11-14  |i 1654918  |o 536.2 OZI 1979  |p 1654918  |r 2025-01-20  |w 2019-11-14  |y BK  |k EIQ 
952 |0 0  |1 0  |4 0  |6 536_200000000000000_OZI_1979  |7 0  |8 A  |9 203018  |a BIBALI  |b BIBALI  |c GEN  |d 2019-11-14  |i 1962981  |o 536.2 OZI 1979  |p 1962981  |r 2025-01-20  |w 2019-11-14  |y BK  |k ALI 
952 |0 0  |1 0  |4 0  |6 536_200000000000000_OZI_1979  |7 0  |8 A  |9 203019  |a BIBALI  |b BIBALI  |c GEN  |d 2019-11-14  |i 196299K  |l 2  |o 536.2 OZI 1979  |p 196299K  |r 2025-01-20  |s 2024-04-19  |w 2019-11-14  |y BK  |k ALI